000 00283nam a22001337a 4500
008 171019b xxu||||| |||| 00| 0 eng d
020 _a0135511445
041 _aeng
080 _22ND
_a338
100 _a53
101 _aMEN
245 _aMANAGEMENT
_cROBBINS,S.P
942 _2udc
_cBK
999 _c34925
_d34925